000 00634nam a2200193 i 4500
001 114344
003 ES-MaACL
005 20230906190132.0
007 t|
008 061121q19101920sp r ||||1| spa d
100 1 _aPamplona Escudero, Rafael.
_988735
245 1 3 _aLa tierra prometida
_b: novela original /
_cde Rafael Pamplona Escudero.
260 _aMadrid :
_bBiblioteca Patria,
_c[s.a: 1900-1920?]
300 _a125 p. :
_bil ;
_c17 cm.
490 1 _aBiblioteca "Patria" de obras premiadas ;
_v23
830 0 _aBiblioteca "Patria" de obras premiadas ;
_v23
_9184512
852 _aES-MaACL
_jD-2461
999 _c114344
_d114344